[Event "Open ch-Subotica 2017"]
[Site "Subotica SRB"]
[Date "2017.03.10"]
[Round "8.2"]
[White "Sirotanovic,O"]
[Black "Gabric,G"]
[Result "1-0"]
[WhiteElo "2188"]
[BlackElo "2228"]

1.d4 d5 2.c4 e6 3.Nc3 Be7 4.Nf3 Nf6 5.Bg5 O-O 6.e3 Nbd7 7.cxd5 exd5 8.Qc2 b6
9.Bd3 Bb7 10.O-O h6 11.Bh4 Nh5 12.Bxe7 Qxe7 13.Qa4 Nhf6 14.Ba6 Bxa6 15.Qxa6 c5
16.Rfd1 Qe6 17.Rac1 Rfc8 18.h3 Nb8 19.Qa3 Nbd7 20.dxc5 bxc5 21.Na4 Qa6 22.b3
Rab8 23.Rc2 c4 24.Qc1 Qb5 25.Nd4 Qa6 26.Qb1 Ne5 27.Nc3 Nd3 28.Nf5 cxb3 29.axb3
{#r} 1-0

[Event "Open ch-Subotica 2017"]
[Site "Subotica SRB"]
[Date "2017.03.10"]
[Round "8.3"]
[White "Meszaros,B"]
[Black "Pardic,O"]
[Result "0-1"]
[WhiteElo "2203"]
[BlackElo "2154"]

1.d4 e5 2.dxe5 Nc6 3.Nf3 d5 4.Bg5 Be7 5.Bf4 f6 6.Qd2 Bg4 7.exf6 Nxf6 8.Nc3 O-O
9.e3 Bb4 10.O-O-O Ne4 11.Qe1 Bxc3 12.bxc3 Qf6 13.Kb2 b5 14.h3 b4 15.hxg4 bxc3+
16.Ka1 Nb4 17.Bd3 Nxa2 18.Rb1 Rab8 19.Qe2 Qc6 20.Bb5 Qc5 21.Kxa2 a6 22.Rb3
axb5 23.Ra1 Ra8+ 24.Kb1 Rxa1+ 25.Kxa1 Ra8+ 26.Kb1 Qa7 27.Kc1 Qa1+ 28.Rb1 c6
29.Be5 Qa3+ 30.Kd1 Qb2 31.Qxb5 Qxb5 32.Rxb5 cxb5 33.Ke2 Ra1 34.Nd4 b4 35.f3
Nc5 36.Bd6 b3 37.cxb3 Ra2+ 38.Kd1 Rd2+ 39.Kc1 Nd3+ 40.Kb1 Rb2+ 41.Ka1 c2 {#R}
0-1

[Event "Open ch-Subotica 2017"]
[Site "Subotica SRB"]
[Date "2017.03.10"]
[Round "8.5"]
[White "Sedlak,I"]
[Black "Pacal,M"]
[Result "0-1"]
[WhiteElo "2106"]
[BlackElo "2117"]

1.e4 Nf6 2.e5 Nd5 3.d4 d6 4.Nf3 Bg4 5.Be2 c6 6.O-O Bxf3 7.Bxf3 dxe5 8.dxe5 e6
9.Qe2 Nd7 10.c4 Ne7 11.b3 Ng6 12.Bb2 Qa5 13.Bh5 O-O-O 14.f4 Nc5 15.Bc3 Qb6
16.Kh1 Nd3 17.g3 Bb4 18.Bxb4 Qxb4 19.Qc2 Qa5 20.Nc3 f5 21.a3 Qb6 22.Rf3 Nc5
23.b4 Na6 24.b5 Nc5 25.a4 Qa5 26.Rb1 Rd4 27.bxc6 bxc6 28.Qb2 Rhd8 29.Re3 Kd7
30.Nb5 Rd2 31.Qa3 Ne4 32.Rxe4 cxb5 33.Rxb5 Qc7 34.Qe3 Ke8 {#R} 0-1

[Event "Open ch-Subotica 2017"]
[Site "Subotica SRB"]
[Date "2017.03.10"]
[Round "8.7"]
[White "Nadj,Z"]
[Black "Jovanovic,MilanB"]
[Result "1-0"]
[WhiteElo "2082"]
[BlackElo "2047"]

1.d4 e6 2.Nf3 b6 3.c4 f5 4.g3 Bb4+ 5.Bd2 Qe7 6.Bg2 Bb7 7.O-O Bxd2 8.Qxd2 Nf6
9.Nc3 Ne4 10.Qc2 Nxc3 11.Qxc3 O-O 12.b4 Be4 13.c5 d6 14.Rac1 bxc5 15.dxc5 Nd7
16.Nd4 Bxg2 17.Kxg2 Nf6 18.cxd6 cxd6 19.Qb3 Nd5 20.Rfd1 Rae8 21.Kg1 Nb6 22.Rc6
Kh8 23.Rdc1 f4 24.gxf4 Rxf4 25.Nxe6 Rg4+ 26.Kf1 d5 27.Qf3 Rg6 28.Nd4 Nc4
29.Qxd5 Qh4 30.Rxg6 Rf8 31.Nf3 {#r} 1-0

[Event "ch-CZE Junior 2017"]
[Site "Kouty nad Desnou CZE"]
[Date "2017.03.10"]
[Round "1.2"]
[White "Hollan,Petr"]
[Black "Pulpan,J"]
[Result "0-1"]
[WhiteElo "2332"]
[BlackElo "2394"]

1.Nf3 Nf6 2.c4 e6 3.g3 d5 4.d4 Bb4+ 5.Bd2 Be7 6.Bg2 O-O 7.O-O c6 8.Qc2 Nbd7
9.Rd1 b6 10.Bf4 Nh5 11.Bc1 Nhf6 12.Bf4 Bb7 13.b3 Rc8 14.Nc3 c5 15.dxc5 Bxc5
16.Na4 Ba3 17.Ne5 Qe7 18.Nxd7 Nxd7 19.Nc3 Nf6 20.Nb5 Bc5 21.Nxa7 Ra8 22.Nb5
Ng4 23.Rf1 g5 24.Bd2 Bxf2+ 25.Kh1 d4 26.Bf3 Ne3 27.Bxe3 dxe3 28.Nc3 f5 29.Rxf2
exf2 30.Kg2 g4 31.Bxb7 Qxb7+ 32.Kxf2 f4 33.Qe4 Qg7 34.Rc1 Qh6 35.Rh1 fxg3+
36.Kg1 Qc1+ 37.Kg2 Qxc3 38.hxg3 Ra7 39.Qxe6+ Raf7 40.Rf1 Qg7 41.Rf4 Kh8
42.Rxg4 Rf2+ 43.Kh3 Qa1 {#R} 0-1

[Event "ch-CZE Junior 2017"]
[Site "Kouty nad Desnou CZE"]
[Date "2017.03.10"]
[Round "1.4"]
[White "Jelinek,Michal"]
[Black "Szotkowski,J"]
[Result "1-0"]
[WhiteElo "2056"]
[BlackElo "2379"]

1.d4 Nf6 2.c4 c5 3.d5 b5 4.cxb5 a6 5.e3 d6 6.Nc3 g6 7.Nf3 Bg7 8.a4 O-O 9.e4
Nbd7 10.Bd2 Ne8 11.Be2 axb5 12.axb5 Bb7 13.O-O Nc7 14.Qb3 Nb6 15.Na4 Nxa4
16.Rxa4 Rxa4 17.Qxa4 Qa8 18.Qa5 Qxa5 19.Bxa5 Ne8 20.Bc3 f5 21.exf5 gxf5 22.Bc4
Bxc3 23.bxc3 Nf6 24.Ra1 Bxd5 25.Bd3 f4 26.Nd2 Ra8 27.Rxa8+ Bxa8 28.Bf5 Nd5
29.Be4 h6 30.Bxd5+ Bxd5 31.c4 Ba8 32.Nb3 d5 33.Nxc5 dxc4 34.Kf1 c3 35.Ke2 c2
36.Kd2 {#r} 1-0

[Event "ch-CZE Junior 2017"]
[Site "Kouty nad Desnou CZE"]
[Date "2017.03.10"]
[Round "1.6"]
[White "Liska,Ji2"]
[Black "Havelka,Josef"]
[Result "0-1"]
[WhiteElo "2223"]
[BlackElo "2282"]

1.Nf3 c5 2.c4 Nc6 3.Nc3 g6 4.e3 Bg7 5.d4 b6 6.d5 Ne5 7.Nd2 f5 8.f4 Ng4 9.Qf3
N8f6 10.e4 fxe4 11.Ndxe4 O-O 12.Nxf6+ Nxf6 13.Bd3 d6 14.O-O e5 15.Qe2 Bg4
16.Qc2 Nh5 17.f5 e4 18.Nxe4 Bxf5 19.Be3 Qe7 20.Rfe1 Rae8 21.Bg5 Bd4+ 22.Kh1
Qd7 23.Rf1 Bxe4 24.Bxe4 Rxf1+ 25.Rxf1 Qg4 26.Bxg6 Qxg5 27.Bxh7+ Kg7 28.Bf5 Qh4
29.Qd3 Re3 {#R} 0-1

[Event "41st Blackpool Conference"]
[Site "Blackpool ENG"]
[Date "2017.03.10"]
[Round "1.1"]
[White "Hebden,M"]
[Black "Ellames,Roy"]
[Result "1-0"]
[WhiteElo "2490"]
[BlackElo "2080"]

1.d4 e6 2.Nf3 f5 3.g3 Nf6 4.Bg2 d5 5.c4 c6 6.O-O Bd6 7.Bf4 O-O 8.Bxd6 Qxd6
9.Nbd2 b6 10.Rc1 Nbd7 11.Qb3 Ne4 12.e3 b5 13.cxb5 cxb5 14.Rc2 Nb6 15.Qxb5 Bd7
16.Qa5 Rac8 17.Rfc1 Qb8 18.Bf1 g5 19.Nxe4 dxe4 20.Ne5 Rxc2 21.Rxc2 Be8 22.Qc5
Nd5 23.Bc4 Qb7 24.Bxd5 exd5 25.Qd6 f4 26.Rc7 Qxb2 27.Qxd5+ Bf7 28.Rxf7 Qb1+
29.Kg2 f3+ 30.Rxf3+ {#r} 1-0

[Event "41st Blackpool Conference"]
[Site "Blackpool ENG"]
[Date "2017.03.10"]
[Round "1.2"]
[White "Jayawarna,Nugith"]
[Black "Merry,Alan B"]
[Result "0-1"]
[WhiteElo "2067"]
[BlackElo "2414"]

1.c4 Nf6 2.Nc3 g6 3.g3 Bg7 4.Bg2 O-O 5.e4 c5 6.Nge2 Nc6 7.d3 d6 8.O-O Bd7 9.h3
a6 10.Be3 Rb8 11.a4 Ne8 12.f4 Nc7 13.Rb1 Ne6 14.f5 Ned4 15.g4 Nxe2+ 16.Nxe2 b5
17.axb5 axb5 18.b3 Qa5 19.g5 bxc4 20.f6 exf6 21.gxf6 Bh8 22.dxc4 Qc7 23.Nc3
Nb4 24.Bf4 Rb6 25.Bg3 Qd8 26.Bxd6 Bg4 27.Qxg4 Qxd6 28.Rbd1 Qe5 29.Nd5 h5
30.Rf5 Qxd5 31.Rfxd5 hxg4 32.Rd6 Rxd6 33.Rxd6 gxh3 34.Bxh3 Re8 35.Bg2 Re6
36.Rd8+ Kh7 {#R} 0-1

[Event "41st Blackpool Conference"]
[Site "Blackpool ENG"]
[Date "2017.03.10"]
[Round "1.3"]
[White "Wells,P"]
[Black "Peacock,M"]
[Result "1-0"]
[WhiteElo "2433"]
[BlackElo "2046"]

1.d4 Nf6 2.Nf3 c5 3.d5 d6 4.Nc3 e5 5.e4 Be7 6.Bb5+ Nbd7 7.a4 O-O 8.O-O Ne8
9.Re1 g6 10.Bh6 Ng7 11.Qd2 Nf6 12.h3 Kh8 13.a5 a6 14.Bf1 Ng8 15.Bxg7+ Kxg7
16.Na4 Nf6 17.b4 cxb4 18.Qxb4 Nh5 19.Nb6 Rb8 20.Rad1 Bd7 21.c4 f5 22.c5 fxe4
23.cxd6 Bf6 24.Nxd7 Qxd7 25.Rxe4 Rfd8 26.Nxe5 Bxe5 27.Rxe5 Qxd6 28.Qd4 Qf6
29.g4 {#r} 1-0

[Event "41st Blackpool Conference"]
[Site "Blackpool ENG"]
[Date "2017.03.10"]
[Round "1.6"]
[White "Gayson,P"]
[Black "Tate,A"]
[Result "0-1"]
[WhiteElo "2152"]
[BlackElo "2337"]

1.e4 c5 2.Nf3 d6 3.d4 Nf6 4.Nc3 cxd4 5.Nxd4 a6 6.f4 Nbd7 7.Nf3 Qc7 8.a4 g6
9.Bd3 Bg7 10.O-O b6 11.Kh1 Bb7 12.Qe1 Nc5 13.Bd2 O-O 14.f5 d5 15.e5 Nfe4
16.Bf4 gxf5 17.Qh4 e6 18.Bxe4 dxe4 19.Ng5 h6 20.Nh3 Nd7 21.Ra3 Qc4 22.Re1 Nxe5
23.Bxe5 Bxe5 24.Qxh6 Bg7 25.Qh5 Rfd8 26.Ne2 e3 27.Rxe3 Qg4 28.Ng3 Rd2 29.R3e2
Rxe2 30.Rxe2 Rd8 31.Nf2 Bxb2 32.Qh6 f4 33.Qh5 Qxh5 34.Nxh5 f3 35.Re3 Bd4
36.Rd3 fxg2+ 37.Kg1 e5 38.Rg3+ Kf8 39.Nf6 Ke7 40.Ng8+ Ke6 41.h4 Bc5 42.Rd3
Rxg8 {#R} 0-1

[Event "41st Blackpool Conference"]
[Site "Blackpool ENG"]
[Date "2017.03.10"]
[Round "1.9"]
[White "Allen,K"]
[Black "Hamer,M"]
[Result "1-0"]
[WhiteElo "2231"]
[BlackElo "2042"]

1.d4 Nf6 2.c4 g6 3.g3 Bg7 4.Bg2 O-O 5.Nc3 d6 6.Nf3 Nc6 7.O-O a6 8.h3 Rb8 9.e4
b5 10.cxb5 axb5 11.Re1 e5 12.dxe5 dxe5 13.Bg5 Qe8 14.Rc1 Bd7 15.Nd5 Nxd5
16.exd5 Na5 17.Rxc7 Nc4 18.b3 Nd6 19.Qc1 f6 20.Be3 Rf7 21.Bc5 Bf8 22.Bb4 Ra8
23.a3 Qd8 24.Rc3 Qb6 25.g4 Nb7 26.Bxf8 Raxf8 27.Qe3 Qxe3 28.Rexe3 g5 29.Nd2
Nd6 30.Ne4 Nxe4 31.Bxe4 f5 32.gxf5 Bxf5 33.Bg2 e4 34.Rc5 Bg6 35.Re2 Ra7 36.Ra2
Rfa8 37.d6 Kf7 38.Rxg5 Rxa3 39.Rxa3 Rxa3 40.Rxb5 Ke6 41.h4 Ra6 42.h5 Bf5 43.d7
Rd6 44.Bf1 Kf6 45.Rb6 {#r} 1-0

[Event "41st Blackpool Conference"]
[Site "Blackpool ENG"]
[Date "2017.03.10"]
[Round "1.10"]
[White "Dutton,I"]
[Black "Kett,T"]
[Result "0-1"]
[WhiteElo "2183"]
[BlackElo "2210"]

1.e4 e5 2.Nf3 Nc6 3.Bb5 a6 4.Ba4 Nf6 5.Qe2 Be7 6.c3 b5 7.Bc2 O-O 8.O-O d5 9.d3
Bb7 10.Re1 Re8 11.Nbd2 Bf8 12.Nf1 h6 13.Ng3 g6 14.h4 h5 15.Ng5 Bg7 16.Qf3 Qd7
17.exd5 Nxd5 18.N3e4 Nd8 19.Nc5 Qg4 20.Bd1 Qxf3 21.Bxf3 Bc6 22.Bd2 f6 23.Nge4
a5 24.Ng3 Nb6 25.Bxc6 Nxc6 26.Rad1 b4 27.Ne2 f5 28.f4 Bf8 29.Nb3 Nd5 30.c4
Nxf4 31.Bxf4 exf4 32.Nxf4 Bg7 33.Re6 Rxe6 34.Nxe6 Bxb2 35.Nxc7 Rd8 36.Nd5 a4
37.Nd2 Rb8 38.Kf1 b3 39.Nxb3 axb3 40.axb3 Rxb3 41.Nf4 Kf7 42.Ne2 Bd4 43.Nf4
Rb2 44.Ne2 Ra2 {#R} 0-1

[Event "41st Blackpool Conference"]
[Site "Blackpool ENG"]
[Date "2017.03.10"]
[Round "1.12"]
[White "Ruston,M"]
[Black "Mitchell,M"]
[Result "0-1"]
[WhiteElo "2029"]
[BlackElo "2208"]

1.e4 d6 2.d4 Nf6 3.Nc3 g6 4.Be2 Bg7 5.Be3 c6 6.Qd2 b5 7.f3 Qc7 8.a3 a6 9.Rd1
Nbd7 10.g4 h6 11.Nh3 Bb7 12.Nf2 c5 13.d5 Nb6 14.O-O Nfd7 15.Nb1 h5 16.g5 f6
17.Nh3 Ne5 18.b3 Bc8 19.Nf2 fxg5 20.Bxg5 Rf8 21.Kg2 Bd7 22.f4 Nf7 23.h4 c4
24.Qe3 Rc8 25.f5 gxf5 26.Bxh5 Kd8 27.exf5 Nxg5 28.Qxg5 Bf6 29.Qg4 Qb7 30.Qf3
Bxh4 31.Bg6 cxb3 32.cxb3 Rc2 33.Nc3 Rxc3 34.Qxc3 Nxd5 35.Rxd5 Qxd5+ {#R} 0-1

[Event "72nd ch-AZE 2017"]
[Site "Baku AZE"]
[Date "2017.03.10"]
[Round "4.2"]
[White "Sevdimaliev,U"]
[Black "Iskandarov,M"]
[Result "0-1"]
[WhiteElo "2376"]
[BlackElo "2426"]

1.d4 Nf6 2.Nf3 g6 3.Bg5 Bg7 4.Nbd2 c5 5.Bxf6 Bxf6 6.Ne4 Bxd4 7.Nxd4 cxd4
8.Qxd4 O-O 9.c4 Nc6 10.Qd2 d6 11.e3 Bf5 12.Nc3 a5 13.b3 Nb4 14.e4 Bd7 15.Be2
Na6 16.O-O Bc6 17.Qe3 a4 18.e5 Qa5 19.exd6 exd6 20.Rad1 Rfe8 21.Qg3 axb3
22.axb3 Re5 23.f4 Qc5+ 24.Qf2 Re3 25.Rd3 Rae8 26.Rxe3 Rxe3 27.Rc1 Nb4 28.Bf1
h5 29.Na4 Bxa4 30.bxa4 Na2 31.Ra1 Nc3 32.Kh1 Ne4 33.Qg1 Qd4 34.Rb1 Qd2 35.Rb2
Qxb2 36.Qxe3 Nf2+ 37.Kg1 Ng4 38.Qd3 Qb6+ {#R} 0-1

[Event "72nd ch-AZE 2017"]
[Site "Baku AZE"]
[Date "2017.03.10"]
[Round "4.3"]
[White "Guliev,Sarh"]
[Black "Ahmadzada,Ahmad"]
[Result "0-1"]
[WhiteElo "2403"]
[BlackElo "2343"]

1.d4 Nf6 2.c4 e6 3.Nc3 c5 4.d5 exd5 5.cxd5 d6 6.Nf3 g6 7.e4 Bg7 8.Be2 O-O
9.O-O Bg4 10.h3 Bxf3 11.Bxf3 a6 12.a4 Nbd7 13.Bf4 Qc7 14.Re1 Rfe8 15.a5 c4
16.Na4 Nc5 17.Nxc5 Qxc5 18.Qa4 Rac8 19.Rac1 Red8 20.Rc2 Re8 21.Rcc1 h6 22.Bd2
Qb5 23.Qxb5 axb5 24.Bb4 Red8 25.Rc2 Ne8 26.Bg4 Ra8 27.Rb1 h5 28.Be2 Nc7 29.b3
Na6 30.bxc4 Nxb4 31.Rxb4 bxc4 32.Rxb7 Rxa5 33.Rxc4 Ra2 34.Bf1 Rd2 35.Rbc7 Bd4
36.Rc2 Bxf2+ 37.Kh2 Rxc2 38.Rxc2 Bd4 39.Kg3 Ra8 40.Rd2 Be5+ 41.Kf3 Ra1 42.Be2
Kg7 43.Rd1 Ra2 44.Rd3 Kh6 45.Rd1 Kg5 46.Rd3 Kh4 47.Rd1 Rb2 48.Rd3 g5 49.Rd1
g4+ 50.hxg4 hxg4+ 51.Kf2 Kg5 52.Ke3 Rb3+ 53.Rd3 Rb8 54.Ra3 Kh4 55.Ra7 Rf8
56.Re7 Kg3 57.Kd3 Rg8 58.Rxf7 Kxg2 59.Ke3 g3 {#R} 0-1

[Event "72nd ch-AZE 2017"]
[Site "Baku AZE"]
[Date "2017.03.10"]
[Round "4.6"]
[White "Muradli,Mahammad"]
[Black "Bayramov,Zaur"]
[Result "1-0"]
[WhiteElo "2331"]
[BlackElo "2229"]

1.d4 Nf6 2.Nf3 e6 3.c4 Bb4+ 4.Bd2 c5 5.Bxb4 cxb4 6.g3 b6 7.Bg2 Bb7 8.O-O O-O
9.Qd3 d6 10.Nbd2 a5 11.e4 e5 12.Ne1 Qe7 13.Nc2 Nc6 14.Rfe1 g6 15.Rad1 Ba6
16.Nf3 Rfd8 17.b3 Rab8 18.Ne3 Qf8 19.dxe5 dxe5 20.Nd5 Nd7 21.Qe3 Kg7 22.Rd2
Nc5 23.Red1 h6 24.h4 Bc8 25.Nh2 a4 26.f4 Na5 27.f5 gxf5 28.exf5 Nd7 29.f6+ Kh8
30.Kh1 Nc5 31.Nxb4 Rxd2 32.Rxd2 Be6 33.Nc6 Nxc6 34.Bxc6 axb3 35.axb3 e4 36.Bd5
b5 37.b4 Bxd5 38.Rxd5 Ne6 39.Rh5 bxc4 40.Ng4 Rxb4 41.Nxh6 Rb1+ 42.Kh2 Rb2+
43.Kh3 Nf4+ 44.Qxf4 {#r} 1-0

[Event "72nd ch-AZE 2017"]
[Site "Baku AZE"]
[Date "2017.03.10"]
[Round "4.7"]
[White "Akhmedov,F"]
[Black "Idrisov,T"]
[Result "0-1"]
[WhiteElo "2165"]
[BlackElo "2315"]

1.d4 Nf6 2.c4 e6 3.Nf3 b6 4.g3 Bb7 5.Bg2 Be7 6.O-O O-O 7.Nc3 Ne4 8.d5 Nxc3
9.bxc3 exd5 10.cxd5 c5 11.e4 d6 12.e5 dxe5 13.Nxe5 Bf6 14.Bf4 g5 15.Be4 Bg7
16.Qh5 f5 17.Bxg5 Qe8 18.Qxe8 Rxe8 19.Bxf5 Rxe5 20.Be6+ Kh8 21.f4 Re2 22.c4
Bd4+ 23.Kh1 Rxe6 {#R} 0-1

[Event "72nd ch-AZE 2017"]
[Site "Baku AZE"]
[Date "2017.03.10"]
[Round "4.9"]
[White "Zeynalov,R"]
[Black "Zeynalov,F"]
[Result "0-1"]
[WhiteElo "2237"]
[BlackElo "2317"]

1.d4 Nf6 2.Bf4 d5 3.e3 e6 4.Nd2 c5 5.c3 Nc6 6.Ngf3 Bd6 7.Bg3 O-O 8.Bd3 b6
9.Ne5 Bb7 10.f4 Ne7 11.Bf2 Ne4 12.Nxe4 dxe4 13.Bc2 cxd4 14.exd4 f6 15.Nc4 Bxf4
16.Qg4 Qc7 17.Be3 Nd5 18.Bxf4 Nxf4 19.O-O Qxc4 20.Bb3 Qc6 21.Rxf4 Rae8 22.Raf1
Kh8 23.Qh3 Re7 24.Bc2 Qb5 25.b3 Qe2 26.R4f2 Qa6 27.Re1 Qa3 28.Bxe4 Bxe4
29.Rxe4 Qc1+ 30.Rf1 Qc2 31.Rfe1 Rc7 32.c4 b5 33.R4e2 Qg6 34.Qxe6 bxc4 35.bxc4
Qd3 36.Qd6 Rcc8 37.c5 h6 38.Qf4 Rfd8 39.Rd2 Qc4 40.Red1 Rd5 41.Qf3 Rcd8 42.Qb3
Qa6 43.h3 f5 44.Rc1 Qc6 45.Qf3 Re8 46.Rb1 Kh7 47.Rdb2 Re4 48.Rb7 Qf6 49.Rxa7
Rexd4 50.Qg3 Rd1+ 51.Rxd1 Rxd1+ 52.Kh2 Qd4 53.h4 Qg1+ 54.Kh3 Qh1+ 55.Qh2 Rd3+
56.g3 Qd1 57.Qf2 Qh1+ 58.Qh2 Qe4 59.Qg2 Qg4+ 60.Kh2 Re3 61.Rxg7+ Qxg7 62.c6
Qe5 63.Kh3 Qe4 {#R} 0-1

[Event "72nd ch-AZE 2017"]
[Site "Baku AZE"]
[Date "2017.03.10"]
[Round "4.12"]
[White "Soyunlu,N"]
[Black "Guliev,L"]
[Result "0-1"]
[WhiteElo "2032"]
[BlackElo "2365"]

1.c4 e6 2.g3 d5 3.Bg2 Nf6 4.Nf3 Be7 5.d4 O-O 6.O-O c6 7.Qc2 Nbd7 8.Nbd2 b6
9.e4 Bb7 10.Rd1 a5 11.b3 a4 12.Bb2 Qb8 13.e5 Ne8 14.Nf1 Nc7 15.Ne3 Rc8 16.h4
c5 17.dxc5 Bxc5 18.Ng4 axb3 19.axb3 Rxa1 20.Bxa1 h6 21.Qd2 Bf8 22.Qf4 Ne8
23.Ne3 Nc7 24.g4 Bc5 25.h5 d4 26.Bxd4 Be7 27.Nd2 Nf8 28.Bxb7 Qxb7 29.Ne4 Ne8
30.Bc3 Nh7 31.Nf1 b5 32.c5 Bxc5 33.Nxc5 Rxc5 34.Qe3 Qc7 35.Bd4 Rd5 36.Ng3 Ng5
37.Kf1 Qd8 38.Ne2 f6 39.f4 fxe5 40.fxg5 hxg5 41.Kg2 Qd7 42.h6 exd4 43.h7+ Kh8
44.Rxd4 Nf6 45.Rxd5 Qxd5+ 46.Kg3 Ne4+ 47.Kh3 Kxh7 48.Nd4 Kh6 49.b4 Kg6 50.Kh2
Nf6 51.Kg3 Qc4 52.Kh3 Qxb4 53.Qd3+ Kf7 54.Nxb5 Qxg4+ 55.Kh2 Qf4+ 56.Kg2 Nd5
57.Qf3 Kg6 58.Qd3+ Qf5 {#R} 0-1

[Event "ISEM URLA GM 2017"]
[Site "Izmir TUR"]
[Date "2017.03.10"]
[Round "5.1"]
[White "Palac,M"]
[Black "Dedebas,Emre Emin"]
[Result "1-0"]
[WhiteElo "2582"]
[BlackElo "2342"]

1.e4 e5 2.Nf3 Nc6 3.Bb5 a6 4.Ba4 Nf6 5.O-O b5 6.Bb3 Bb7 7.Re1 Bc5 8.c3 d6 9.d4
Bb6 10.a4 h6 11.Be3 O-O 12.d5 Na5 13.Bxb6 cxb6 14.axb5 axb5 15.Na3 Qd7 16.Ba2
Ba6 17.Nc2 Rfc8 18.Nb4 Nb7 19.Bb1 Nc5 20.Bd3 Bb7 21.Rxa8 Rxa8 22.Qe2 Ra5
23.Nd2 Ne8 24.Nb1 Nc7 25.Na3 Na4 26.Ra1 Nc5 27.Re1 Na4 28.Qd2 Nc5 29.Bf1 Qg4
30.f3 Qd7 31.Nbc2 Ra8 32.b4 Na4 33.Ne3 Ba6 34.g3 Rc8 35.h4 Ne8 36.Rc1 Rc7
37.Kh2 Nf6 38.Bd3 Kf8 39.Nd1 Bc8 40.Qg2 Ba6 41.Qe2 Qc8 42.Bxb5 Bxb5 43.Nxb5
Rd7 44.Ra1 Qa6 45.Ra3 {#r} 1-0

[Event "ISEM URLA GM 2017"]
[Site "Izmir TUR"]
[Date "2017.03.10"]
[Round "5.3"]
[White "Malakhatko,V"]
[Black "Kanmazalp,O"]
[Result "1-0"]
[WhiteElo "2488"]
[BlackElo "2439"]

1.d4 e6 2.c4 b6 3.a3 Bb7 4.Nc3 f5 5.d5 Nf6 6.g3 Na6 7.Bg2 Nc5 8.Qc2 Bd6 9.Nb5
a5 10.Nf3 O-O 11.O-O a4 12.Nxd6 cxd6 13.Nd4 Qe7 14.Bd2 Nfe4 15.Bb4 exd5
16.Rad1 g6 17.Nb5 Rfc8 18.f3 Nf6 19.Qd2 Bc6 20.Qf4 Ne8 21.Rfe1 Ne6 22.Qe3 dxc4
23.Nxd6 Nxd6 24.Rxd6 Qf7 25.Qxb6 Rab8 26.Qe3 f4 27.Qd2 h5 28.Bc3 fxg3 29.hxg3
Kh7 30.f4 Nc5 31.f5 Rg8 32.Rf6 Qe7 33.Qg5 Be4 34.Bxe4 Nxe4 35.fxg6+ Kg7
36.Rf7# 1-0

[Event "ISEM URLA GM 2017"]
[Site "Izmir TUR"]
[Date "2017.03.10"]
[Round "5.5"]
[White "Bagaturov,G"]
[Black "Koksal,E"]
[Result "1-0"]
[WhiteElo "2428"]
[BlackElo "2369"]

1.c4 c6 2.Nf3 d5 3.d4 Nf6 4.Qc2 e6 5.Nbd2 Nbd7 6.g3 Be7 7.Bg2 O-O 8.O-O b6
9.e4 Bb7 10.e5 Ne8 11.cxd5 cxd5 12.Re1 Qc7 13.Qd3 Rc8 14.Bf1 Nb8 15.Qe3 Ba6
16.Bxa6 Nxa6 17.a3 Nb8 18.Nf1 Nc6 19.Bd2 Qd7 20.Rac1 Nc7 21.Rc2 Na8 22.Rec1
Rc7 23.Qd3 Rfc8 24.Ne3 Nb8 25.Bc3 Qa4 26.h4 Nd7 27.Ng5 Nf8 28.Ng4 b5 29.Ne3
Nb6 30.Nf3 Nc4 31.Nxc4 Rxc4 32.b3 Qxb3 33.Nd2 Qxa3 34.Nxc4 dxc4 35.Qe4 Rc7
36.Ra1 Qb3 37.Ba5 Rd7 38.Qe2 Ba3 39.Rca2 b4 40.Rc2 Rxd4 41.Rd1 Rd3 42.Bc7 Nd7
43.Rcd2 Nc5 44.Bd6 Rxd2 45.Rxd2 Na4 46.Be7 Qb1+ 47.Kg2 h6 48.Qxc4 Nb6 49.Rd8+
Kh7 50.Qf4 Qf5 51.Qxf5+ exf5 52.Rd4 Bb2 53.Rxb4 Bxe5 54.Rb5 f6 55.f4 Bd4
56.Rxf5 Nc4 57.Rb5 f5 58.Rb4 Ne3+ 59.Kf3 Bb6 60.Rxb6 {#r} 1-0

[Event "ISEM URLA GM 2017"]
[Site "Izmir TUR"]
[Date "2017.03.10"]
[Round "6.5"]
[White "Dedebas,Emre Emin"]
[Black "Bagaturov,G"]
[Result "0-1"]
[WhiteElo "2342"]
[BlackElo "2428"]

1.d4 Nf6 2.c4 e6 3.Nf3 b6 4.a3 Ba6 5.Qb3 c5 6.d5 exd5 7.cxd5 g6 8.Nc3 Bg7 9.e4
Bxf1 10.Kxf1 d6 11.g3 O-O 12.Kg2 Nbd7 13.Re1 a6 14.a4 Ne8 15.Nd2 Ne5 16.Nc4
Nd3 17.Rd1 Nxc1 18.Raxc1 Rb8 19.Ra1 Nc7 20.Qc2 Qd7 21.Re1 b5 22.Na5 Rbe8
23.axb5 axb5 24.Nc6 b4 25.Na4 f5 26.Nb6 Qf7 27.f3 fxe4 28.fxe4 Qf3+ 29.Kg1 Nb5
30.Qg2 Qxg2+ 31.Kxg2 Bxb2 32.Ra5 Bc3 33.Re2 Nd4 34.Nxd4 cxd4 35.Nc4 d3 36.Re3
d2 {#R} 0-1

[Event "ISEM CESMEALTI GM 2017"]
[Site "Izmir TUR"]
[Date "2017.03.10"]
[Round "5.1"]
[White "Mirzoev,A"]
[Black "Gokerkan,Cem Kaan"]
[Result "1-0"]
[WhiteElo "2554"]
[BlackElo "2275"]

1.d4 Nf6 2.c4 g6 3.Nc3 Bg7 4.Nf3 O-O 5.e4 d6 6.h3 Nbd7 7.Be3 e5 8.dxe5 dxe5
9.Be2 c6 10.O-O Qe7 11.Qc2 Ne8 12.Rad1 Nc7 13.Rfe1 Ne6 14.Qc1 Rd8 15.Rd2 b6
16.Red1 c5 17.Nd5 Qf8 18.b4 cxb4 19.Qb1 Ndc5 20.Qxb4 Bb7 21.Qb1 Rac8 22.Bf1 f6
23.Re1 Kf7 24.h4 Bh6 25.g3 Bxe3 26.Rxe3 Na6 27.Nxe5+ Kg7 28.Ng4 Bxd5 29.cxd5
Nac7 30.Rf3 Ne8 31.Nxf6 Nxf6 32.e5 {#r} 1-0

[Event "ISEM CESMEALTI GM 2017"]
[Site "Izmir TUR"]
[Date "2017.03.10"]
[Round "5.3"]
[White "Petkov,V"]
[Black "Ozer,Omer Faruk"]
[Result "1-0"]
[WhiteElo "2501"]
[BlackElo "2373"]

1.d4 d5 2.c4 c6 3.Nf3 Nf6 4.Nc3 a6 5.cxd5 cxd5 6.Ne5 e6 7.Bf4 Be7 8.e3 b5 9.a4
b4 10.Nb1 O-O 11.Nd2 Bb7 12.Nb3 Nc6 13.Nd3 Nd7 14.a5 f6 15.Be2 e5 16.Bg3 Bd6
17.O-O Qe7 18.Qd2 Nd8 19.Rfc1 Ne6 20.Bg4 Rfc8 21.Rxc8+ Rxc8 22.Rc1 Rc4 23.Rc2
Bc6 24.Ndc1 Ng5 25.Be2 Ne4 26.Qd1 Rxc2 27.Qxc2 Bb7 28.Nd3 g6 29.Bg4 Nf8 30.Bc8
Nxg3 31.hxg3 e4 32.Nf4 g5 33.Ne2 Kg7 34.g4 Bxc8 35.Kf1 Ng6 36.g3 Bc7 37.Qc4
Bb8 38.Qxc8 {#r} 1-0

[Event "ISEM CESMEALTI GM 2017"]
[Site "Izmir TUR"]
[Date "2017.03.10"]
[Round "5.5"]
[White "Khamrakulov,D"]
[Black "Yurtseven,M"]
[Result "1-0"]
[WhiteElo "2437"]
[BlackElo "2316"]

1.e4 g6 2.d4 Bg7 3.Bc4 c6 4.Nc3 d5 5.exd5 b5 6.Bb3 b4 7.Nce2 cxd5 8.a3 bxa3
9.Rxa3 Nf6 10.Nf3 O-O 11.O-O Nbd7 12.Bf4 Nb6 13.Qa1 a6 14.h3 Bb7 15.Re1 Nfd7
16.Nc1 e6 17.Nd3 Nc4 18.Ra4 a5 19.c3 Qb6 20.Bc2 Rfc8 21.Ra2 Bf8 22.Qc1 Bc6
23.Bh6 Qd8 24.h4 a4 25.h5 Bb5 26.Bxf8 Qxf8 27.hxg6 hxg6 28.Qg5 Qg7 29.Nf4 Nf8
30.Rea1 a3 31.bxa3 Ba4 32.Bxa4 Rxa4 33.Nd3 Rca8 34.Nc5 Rxa3 35.Rxa3 Rxa3
36.Rxa3 Nxa3 37.Qd8 f6 38.Nxe6 Qh6 39.Qxf6 Qc1+ 40.Kh2 Nxe6 41.Qxe6+ Kg7
42.Qe5+ {#r} 1-0

[Event "ISEM CESMEALTI GM 2017"]
[Site "Izmir TUR"]
[Date "2017.03.10"]
[Round "6.1"]
[White "Erdogdu,M"]
[Black "Mirzoev,A"]
[Result "0-1"]
[WhiteElo "2456"]
[BlackElo "2554"]

1.d4 d5 2.Bf4 Nf6 3.e3 c6 4.c4 e6 5.Nc3 Bd6 6.Bg3 O-O 7.Nf3 b6 8.Bd3 Bb7 9.Qe2
h6 10.Ne5 c5 11.O-O cxd4 12.exd4 Nc6 13.Nb5 Be7 14.Rad1 Nb4 15.Bb1 dxc4
16.Qxc4 Rc8 17.Qe2 Qd5 18.Nf3 Ba6 19.a4 Rfd8 20.Rfe1 Qb3 21.Ne5 Nc2 22.Nxf7
Bxb5 23.axb5 Kxf7 24.d5 Nxe1 25.Qxe6+ Kf8 26.Rxe1 Bb4 27.Bg6 Qxd5 {#R} 0-1

[Event "ISEM CESMEALTI GM 2017"]
[Site "Izmir TUR"]
[Date "2017.03.10"]
[Round "6.4"]
[White "Yurtseven,M"]
[Black "Basso,Pier Luigi"]
[Result "1-0"]
[WhiteElo "2316"]
[BlackElo "2462"]

1.e4 c6 2.d4 d5 3.exd5 cxd5 4.c4 Nf6 5.Nc3 Nc6 6.Bg5 Be6 7.a3 Qd7 8.Be2 Rd8
9.Bxf6 exf6 10.c5 g5 11.b4 a6 12.b5 axb5 13.Bxb5 Bg7 14.Nge2 O-O 15.O-O f5
16.a4 Qc7 17.Qd2 f4 18.Bxc6 Qxc6 19.Rfb1 Rd7 20.Rb6 Qc8 21.Nb5 Qa8 22.Nd6 Rb8
23.Qb4 Bf8 24.a5 Bxd6 25.cxd6 Rc8 26.h4 f3 27.gxf3 gxh4 28.a6 Kh8 29.Rxb7 Rg8+
30.Kh2 Qe8 31.a7 Rd8 32.Re7 Qc6 33.Rc7 Qe8 34.Qd2 Rg6 35.Qf4 Qg8 36.Rg1 Bh3
37.Rxg6 Qxg6 38.Kxh3 Qe6+ 39.Kh2 {#r} 1-0

[Event "ISEM CESMEALTI GM 2017"]
[Site "Izmir TUR"]
[Date "2017.03.10"]
[Round "6.5"]
[White "Gokerkan,Cem Kaan"]
[Black "Khamrakulov,D"]
[Result "0-1"]
[WhiteElo "2275"]
[BlackElo "2437"]

1.e4 c6 2.d4 d5 3.e5 Bf5 4.h4 h6 5.g4 Bd7 6.h5 c5 7.c3 Nc6 8.Be3 Qb6 9.Nd2
Qxb2 10.Rb1 Qxc3 11.Rxb7 c4 12.Qb1 Rc8 13.Ne2 Qa3 14.Bg2 e6 15.O-O Nge7 16.Rc1
Nd8 17.Rb8 Rxb8 18.Qxb8 Nc6 19.Qb1 Nb4 20.Nc3 Nd3 21.Rc2 Bb4 22.Ne2 O-O 23.g5
hxg5 24.Bxg5 f6 25.exf6 gxf6 26.Bh6 Rf7 27.Nxc4 dxc4 28.Rxc4 Rh7 29.Be3 Qa6
30.Rc7 Ba5 31.Rc2 Ne1 32.Rc5 Nxg2 33.h6 f5 34.Qb8 Nxe3 {#R} 0-1